David and Goliath : (Record no. 110521)
[ view plain ]
| 000 -LEADER | |
|---|---|
| fixed length control field | 00389nam a2200133 a 4500 |
| 005 - DATE AND TIME OF LATEST TRANSACTION | |
| control field | 20140414131857.0 |
| 008 - FIXED-LENGTH DATA ELEMENTS--GENERAL INFORMATION | |
| fixed length control field | 100827s19uu xx 00 eng d |
| 050 ## - LIBRARY OF CONGRESS CALL NUMBER | |
| Classification number | FIL |
| Item number | D28 2006 |
| 100 ## - MAIN ENTRY--PERSONAL NAME | |
| Personal name | Pastor, Boots Agbayani |
| 245 ## - TITLE STATEMENT | |
| Title | David and Goliath : |
| Remainder of title | Si David at si Goliath. |
| 260 ## - PUBLICATION, DISTRIBUTION, ETC. (IMPRINT) | |
| Place of publication, distribution, etc | Manila, Philippines : |
| Name of publisher, distributor, etc | Lampara, |
| Date of publication, distribution, etc | 2006. |
| 440 ## - SERIES STATEMENT/ADDED ENTRY--TITLE | |
| Title | Stories with moral lessons |
| Withdrawn status | Lost status | Damaged status | Home library | Current library | Shelving location | Date acquired | Total Checkouts | Full call number | Barcode | Date last seen | Price effective from | Koha item type |
|---|---|---|---|---|---|---|---|---|---|---|---|---|
| Munich Library | Munich Library | Filipiniana Section | 08/27/2010 | FIL D28 2006 | M0943 | 04/14/2014 | 04/14/2014 | Books |